Statistics for Iris - Goo Goo Dolls Lyrics

Click here to take the quiz!

General Stats

  • This quiz has been taken 59 times
  • The average score is 22 of 24

Answer Stats

HintAnswer% Correct
When everything's made to be ______broken
98%
When everything's made to be ______broken
98%
When everything's made to be ______broken
98%
You're the closest to ______ that I'll ever beheaven
98%
And I don't want to go home _____ ___right now
98%
And I'd give up forever to _____ ___touch you
98%
'Cause I don't think that they'd __________understand
98%
'Cause I don't think that they'd __________understand
98%
'Cause I don't think that they'd __________understand
98%
'Cause I know that you ____ me somehowfeel
96%
I just want you to know ___ _ __who i am
96%
I just want you to know ___ _ __who i am
96%
I just want you to know ___ _ __who i am
96%
And I don't want the world to ___ __see me
94%
And I don't want the world to ___ __see me
94%
And I don't want the world to ___ __see me
94%
Yeah, you bleed just to know, _____ ____you're alive
89%
And you can't fight the tears that ain't ______coming
85%
When everything feels like the ______movies
85%
I just don't wanna miss you _______tonight
81%
And all I can _____ is this momenttaste
79%
And all I can _______ is your lifebreathe
77%
And sooner or later, ___ ____it's over
74%
Or the ______ of truth in your liesmoment
70%

Score Distribution

Percentile by Number Answered

Percent of People with Each Score

Your Score History

You have not taken this quiz